Get the Picture: NBA Teammates Quiz Stats

 Plays Quiz Updated Nov 26, 2019

Score 0/12 Timer 02:30
7 Plays Today
Question Answer Wrong Answers
Stephen Curry Kevin Durant
95.3%
LeBron James
1.9%
James Harden
1.2%
Andre Iguodala Kevin Durant
90.8%
LeBron James
4.4%
James Harden
3.1%
Anthony Davis LeBron James
90.5%
Kevin Durant
5%
James Harden
2.9%
Chris Paul James Harden
89.6%
Kevin Durant
4.5%
LeBron James
4.2%
Shaquille O'Neal LeBron James
87.8%
Kevin Durant
4.5%
James Harden
5.9%
Clint Capela James Harden
87.6%
Kevin Durant
5.5%
LeBron James
4.9%
P.J. Tucker James Harden
87.3%
Kevin Durant
4.7%
LeBron James
6.4%
Jeremy Lin James Harden
82.2%
Kevin Durant
8.9%
LeBron James
7.2%
Ray Allen LeBron James
80.4%
Kevin Durant
12.2%
James Harden
5.7%
Ben Wallace LeBron James
70.2%
Kevin Durant
11.8%
James Harden
15.8%
Enes Kanter Kevin Durant
60.9%
LeBron James
13.6%
James Harden
23.7%
Kurt Thomas Kevin Durant
32.4%
LeBron James
42.3%
James Harden
23.4%

Today's Daily Dose

Quick Pick
'M' Cities

Get the Picture
'South' Countries

You're not logged in!

Compare scores with friends on all Sporcle quizzes.
OR
Log In

Sporcle TV

Today on Sporcle TV


Watch our educational content, quiz creation guides, and fun videos on Sporcle TV.

Show Comments

Extras

Top Quizzes Today


Score Distribution

Your Account Isn't Verified!

In order to create a playlist on Sporcle, you need to verify the email address you used during registration. Go to your Sporcle Settings to finish the process.

Report this User

Report this user for behavior that violates our Community Guidelines.

Details: